| 000 -LEADER |
| fixed length control field |
00344nam a22001217a 4500 |
| 008 - FIXED-LENGTH DATA ELEMENTS--GENERAL INFORMATION |
| fixed length control field |
241114b 2002 ||||| |||| 00| 0 eng d |
| 020 ## - INTERNATIONAL STANDARD BOOK NUMBER |
| International Standard Book Number |
1870077598 |
| 082 ## - DEWEY DECIMAL CLASSIFICATION NUMBER |
| Classification number |
623.817 |
| Item number |
CLA |
| 245 ## - TITLE STATEMENT |
| Title |
The management of merchant ship stability,trim and strength |
| 260 ## - PUBLICATION, DISTRIBUTION, ETC. (IMPRINT) |
| Place of publication, distribution, etc |
London |
| Name of publisher, distributor, etc |
The Nautical Institute |
| Date of publication, distribution, etc |
2002 |
| 300 ## - PHYSICAL DESCRIPTION |
| Extent |
xi, 2936p. |
| 942 ## - ADDED ENTRY ELEMENTS (KOHA) |
| Item type |
Books |